[Event "Jugend WM U20w"]
[Site "Istanbul"]
[Date "2005.11.10"]
[Round "2.3"]
[White "Szczepkowska, Karina"]
[Black "Mongontuul, Bathuyag"]
[Result "0-1"]
[WhiteElo "2278"]
[BlackElo "2408"]
[PlyCount "120"]
[EventDate "2005.11.??"]
[EventType "swiss"]
[EventRounds "13"]
[EventCountry "TUR"]
[Source "Reinhold Goldau"]
[SourceDate "2000.03.01"]

1. e4 c5 2. Nc3 Nc6 3. f4 g6 4. Nf3 Bg7 5. g3 e6 6. Bg2 Rb8 7. a4 a6 8. O-O
Nge7 9. e5 d6 10. exd6 Qxd6 11. d3 Qc7 12. Rb1 O-O 13. Ne4 b6 14. Bd2 Bb7 15.
Bc3 Nd4 16. Qd2 Rfd8 17. Qf2 Rbc8 18. Rbe1 h6 19. h4 Nec6 20. h5 Nxf3+ 21. Bxf3
Nd4 22. Bd1 Qc6 23. Kh2 Qxa4 24. g4 Qd7 25. g5 Qe7 26. Rg1 hxg5 27. Rxg5 Rd5
28. hxg6 fxg6 29. Rxg6 Kf7 30. Qg3 Rh8+ 31. Kg1 Kf8 32. Ng5 Rd6 33. Ne4 Rd7 34.
Bg4 Qh4 35. Qg2 Rf7 36. Re3 Rxf4 37. Rh3 Rxg4 38. Rxg4 Qxh3 39. Rf4+ Qf5 40.
Rxf5+ exf5 41. Qf2 Be5 42. Qe3 fxe4 43. dxe4 Rh4 44. Be1 Rg4+ 45. Kf1 Rf4+ 46.
Bf2 Bxe4 47. Qh3 Bxc2 48. Qh6+ Kf7 49. Qh5+ Ke6 50. Qe8+ Kd5 51. Qg8+ Ke4 52.
Qg6+ Nf5 53. Ke1 Bxb2 54. Qe6+ Be5 55. Qc4+ Nd4 56. Bxd4 Bd3 57. Qe6 Kxd4 58.
Kd2 Rf2+ 59. Ke1 Rf1+ 60. Kd2 Bf4+ 0-1

[Event "Jugend WM U20w"]
[Site "Istanbul"]
[Date "2005.11.10"]
[Round "2.4"]
[White "Andriasian, Siranush"]
[Black "Zdebskaja, Natalia"]
[Result "0-1"]
[WhiteElo "2263"]
[BlackElo "2390"]
[PlyCount "88"]
[EventDate "2005.11.??"]
[EventType "swiss"]
[EventRounds "13"]
[EventCountry "TUR"]
[Source "Reinhold Goldau"]
[SourceDate "2000.03.01"]

1. e4 c5 2. Nf3 d6 3. d4 cxd4 4. Nxd4 Nf6 5. Nc3 a6 6. Rg1 e5 7. Nb3 Be6 8. g4
d5 9. exd5 Nxd5 10. Nxd5 Qxd5 11. Qe2 Nc6 12. Bg2 Qc4 13. Bxc6+ Qxc6 14. Bd2
Qa4 15. Qxe5 Be7 16. g5 Rc8 17. Nd4 O-O 18. Nxe6 fxe6 19. Qxe6+ Kh8 20. Rg4 Qe8
21. Re4 Qh5 22. Qb3 Bxg5 23. Bxg5 Qxg5 24. Qg3 Qf5 25. Re7 Qf6 26. Re2 Qxb2 27.
Qe5 Qxe5 28. Rxe5 Rxc2 29. Re2 Rfc8 30. a4 h6 31. Re7 Rb2 32. Re2 Rb4 33. a5
Rb5 34. f3 Rc3 35. Kf2 Rbb3 36. Re7 Rxf3+ 37. Kg2 Rfc3 38. Rd1 Rc2+ 39. Kg1
Rbb2 40. h4 Rg2+ 41. Kf1 Rh2 42. Kg1 Rxh4 43. Rd8+ Kh7 44. Rdd7 Rg4+ 0-1

[Event "Jugend WM U20w"]
[Site "Istanbul"]
[Date "2005.11.10"]
[Round "2.5"]
[White "Vasilevich, Irina"]
[Black "Nebolsina, Vera"]
[Result "1/2-1/2"]
[WhiteElo "2389"]
[BlackElo "2278"]
[PlyCount "98"]
[EventDate "2005.11.??"]
[EventType "swiss"]
[EventRounds "13"]
[EventCountry "TUR"]
[Source "Reinhold Goldau"]
[SourceDate "2000.03.01"]

1. c4 e5 2. Nc3 Nf6 3. Nf3 Nc6 4. e3 Bb4 5. Qc2 Bxc3 6. Qxc3 Qe7 7. a3 d5 8.
cxd5 Nxd5 9. Qb3 Nb6 10. d3 Be6 11. Qc2 a5 12. b3 O-O 13. Bb2 f6 14. Be2 Qf7
15. Nd2 Nd5 16. O-O Nde7 17. Rac1 Rfd8 18. Rfd1 Qg6 19. Ne4 Bd5 20. Bf1 Nf5 21.
Ba1 Nh4 22. Ng3 Qf7 23. Rb1 Qe7 24. Qb2 Ra6 25. e4 Bf7 26. d4 Rb6 27. d5 Nd4
28. Qc3 f5 29. exf5 Bxd5 30. Bc4 Qf7 31. Qxa5 Bxc4 32. bxc4 Rxb1 33. Rxb1 Qxc4
34. Bxd4 Qc6 35. f3 Qc2 36. Rb2 Qd1+ 37. Nf1 Qxd4+ 38. Rf2 b6 39. Qa7 Qc5 40.
f6 gxf6 41. Qa4 Ng6 42. Qb3+ Kg7 43. g3 Rg8 44. a4 Qd4 45. Ne3 Ne7 46. Qe6 Qxe3
47. Qxe7+ Kg6 48. h4 h5 49. Kg2 Qc5 1/2-1/2

[Event "Jugend WM U20w"]
[Site "Istanbul"]
[Date "2005.11.10"]
[Round "2.6"]
[White "Tania, Sachdev"]
[Black "Pourkashiyan, Atousa"]
[Result "1-0"]
[WhiteElo "2379"]
[BlackElo "2271"]
[PlyCount "91"]
[EventDate "2005.11.??"]
[EventType "swiss"]
[EventRounds "13"]
[EventCountry "TUR"]
[Source "Reinhold Goldau"]
[SourceDate "2000.03.01"]

1. d4 d5 2. c4 e6 3. Nc3 Nf6 4. cxd5 exd5 5. Bg5 Be7 6. e3 c6 7. Qc2 O-O 8. Bd3
Nbd7 9. Nf3 Re8 10. O-O Nf8 11. h3 Ne4 12. Bf4 Ng5 13. Bxg5 Bxg5 14. Ne5 Be7
15. f4 f6 16. Nf3 Be6 17. g4 c5 18. Rae1 a6 19. Qg2 b5 20. e4 dxe4 21. Bxe4
cxd4 22. Bxa8 Qxa8 23. Ne4 Bc4 24. Nxd4 Bb4 25. Nc3 Bc5 26. Rxe8 Bxd4+ 27. Kh2
Qxe8 28. Rd1 Ba7 29. b3 Bf7 30. Qe4 Bb8 31. Kg3 g5 32. Kf3 Bxf4 33. Nd5 Be5 34.
Ne3 Ng6 35. Nf5 Be6 36. Kf2 Nh4 37. Nxh4 gxh4 38. Qb7 Qf8 39. Qb6 Bf7 40. Rd8
Be8 41. Qe6+ Kg7 42. Qxe8 Qc5+ 43. Kf3 Qc3+ 44. Ke4 Qc2+ 45. Kd5 h5 46. Rd7+
1-0

[Event "Jugend WM U20w"]
[Site "Istanbul"]
[Date "2005.11.10"]
[Round "2.7"]
[White "Muhren, Bianca"]
[Black "Guseva, Marina"]
[Result "1/2-1/2"]
[WhiteElo "2260"]
[BlackElo "2363"]
[PlyCount "162"]
[EventDate "2005.11.??"]
[EventType "swiss"]
[EventRounds "13"]
[EventCountry "TUR"]
[Source "Reinhold Goldau"]
[SourceDate "2000.03.01"]

1. e4 c5 2. Nf3 e6 3. d4 cxd4 4. Nxd4 Nf6 5. Nc3 Nc6 6. Ndb5 d6 7. Bf4 e5 8.
Bg5 a6 9. Na3 b5 10. Nd5 Be7 11. Bxf6 Bxf6 12. c3 O-O 13. Nc2 Rb8 14. Be2 Bg5
15. Qd3 Be6 16. Rd1 a5 17. O-O Qd7 18. Qg3 h6 19. h4 Bd8 20. Nce3 Kh8 21. Rd3
Ne7 22. Rfd1 Nxd5 23. Nxd5 Bb6 24. Ne3 Bc5 25. b3 b4 26. cxb4 axb4 27. Bg4 Bxg4
28. Qxg4 Qxg4 29. Nxg4 Ra8 30. R1d2 Ra6 31. Rc2 Rc8 32. Kf1 Rac6 33. Rc4 h5 34.
Ne3 Bxe3 35. Rxc6 Rxc6 36. Rxe3 Kg8 37. Re2 Kf8 38. Ke1 Ke7 39. Kd1 Ke6 40. Rd2
f5 41. f3 fxe4 42. fxe4 Rc3 43. Ke2 Rg3 44. Kf2 Rg4 45. Ke3 Rxh4 46. Rc2 Rg4
47. Kf3 Rf4+ 48. Ke3 Rf7 49. Rc4 Ra7 50. Rxb4 Rxa2 51. Kf3 g5 52. Rb5 g4+ 53.
Kg3 Re2 54. Rb4 Rd2 55. Kh4 Rd4 56. Rc4 Rd2 57. Kxh5 Rxg2 58. Kh4 Kd7 59. b4 d5
60. exd5 Kd6 61. Rxg4 Rb2 62. Kg3 Kxd5 63. Kf3 Rb3+ 64. Ke2 Rh3 65. b5 Rb3 66.
Rh4 Rxb5 67. Rh3 Rb2+ 68. Ke1 Kd4 69. Rh4+ e4 70. Rh3 Ke5 71. Rg3 Rh2 72. Ra3
Kf4 73. Rb3 Rg2 74. Ra3 Rg3 75. Rxg3 Kxg3 76. Ke2 Kf4 77. Kf2 e3+ 78. Ke2 Ke4
79. Ke1 Kf3 80. Kf1 e2+ 81. Ke1 Ke3 1/2-1/2

[Event "Jugend WM U20w"]
[Site "Istanbul"]
[Date "2005.11.10"]
[Round "2.8"]
[White "Aketaeva, Dana"]
[Black "Kadziolka, Beata"]
[Result "1/2-1/2"]
[WhiteElo "2256"]
[BlackElo "2352"]
[PlyCount "117"]
[EventDate "2005.11.??"]
[EventType "swiss"]
[EventRounds "13"]
[EventCountry "TUR"]
[Source "Reinhold Goldau"]
[SourceDate "2000.03.01"]

1. e4 c5 2. Nf3 d6 3. d4 cxd4 4. Nxd4 Nf6 5. Nc3 a6 6. Bg5 e6 7. f4 Nbd7 8. Qf3
Qc7 9. O-O-O b5 10. Bd3 Bb7 11. Rhe1 O-O-O 12. Qe2 Nc5 13. Nb3 Be7 14. Nxc5
dxc5 15. e5 c4 16. Be4 Nxe4 17. Nxe4 Bxg5 18. fxg5 Kb8 19. Nd6 Bd5 20. Rf1 Rhf8
21. Rf4 c3 22. a4 f6 23. gxf6 gxf6 24. Rdf1 Rg8 25. Rxf6 Rxg2 26. R1f2 cxb2+
27. Kxb2 Rxf2 28. Rxf2 Qc5 29. Rf4 b4 30. Qd2 a5 31. Qd4 Qxd4+ 32. Rxd4 Rg8 33.
Rh4 Rg5 34. Nf7 Rg8 35. Kc1 Rg7 36. Nd6 Rg5 37. Nf7 Rg7 38. Rf4 Rg1+ 39. Kd2
Rg2+ 40. Kd3 Rxh2 41. Nd6 h5 42. Rf8+ Kc7 43. Rc8+ Kd7 44. Ra8 Rh3+ 45. Kd2 h4
46. Rxa5 Rg3 47. Ra7+ Kc6 48. Rh7 h3 49. Kc1 Ra3 50. a5 Kc5 51. a6 Bg2 52. a7
Rxa7 53. Rxa7 h2 54. Rh7 h1=Q+ 55. Rxh1 Bxh1 56. Kb2 Kd4 57. Kb3 Kxe5 58. Nc4+
Kd4 59. Kxb4 1/2-1/2

[Event "Jugend WM U20w"]
[Site "Istanbul"]
[Date "2005.11.10"]
[Round "2.10"]
[White "Nadig, Kruttika"]
[Black "Gu, Xiaobing"]
[Result "0-1"]
[WhiteElo "2224"]
[BlackElo "2330"]
[PlyCount "138"]
[EventDate "2005.11.??"]
[EventType "swiss"]
[EventRounds "13"]
[EventCountry "TUR"]
[Source "Reinhold Goldau"]
[SourceDate "2000.03.01"]

1. e4 c5 2. Nf3 d6 3. d4 Nf6 4. Nc3 cxd4 5. Nxd4 a6 6. Bg5 e6 7. f4 b5 8. Qf3
Bb7 9. Bd3 Be7 10. O-O-O Nbd7 11. Rhe1 Qb6 12. Nb3 b4 13. Nb1 Rc8 14. N1d2 Qc7
15. Qg3 h6 16. Bxf6 Bxf6 17. Nc4 d5 18. exd5 Bxd5 19. Ne3 Bxb3 20. axb3 Nc5 21.
Nd5 Qd8 22. Bc4 O-O 23. Nxf6+ Qxf6 24. Qe3 a5 25. Qe5 Qe7 26. Re3 a4 27. bxa4
Nxa4 28. Rg3 g6 29. Bd3 Rc5 30. Qe4 Ra5 31. Qc4 Nc5 32. Kd2 b3 33. cxb3 Nxd3
34. Rxd3 Rc5 35. Qe4 Qh4 36. Ke2 Rfc8 37. R3d2 e5 38. g3 Qxh2+ 39. Kf3 Qh5+ 40.
Kg2 exf4 41. Qxf4 Rc2 42. Qf3 Qe5 43. Rf2 Rxf2+ 44. Qxf2 Qe4+ 45. Kg1 Rc2 46.
Rd8+ Kg7 47. Qd4+ Qxd4+ 48. Rxd4 Rxb2 49. b4 f5 50. Rc4 g5 51. Rc7+ Kg6 52.
Rc6+ Kh5 53. Rc4 g4 54. Rc5 Kg5 55. b5 h5 56. Kf1 Rb3 57. Kg2 Kf6 58. Rd5 Rb2+
59. Kg1 h4 60. gxh4 f4 61. Rg5 g3 62. Kf1 Rh2 63. Rg8 Kf5 64. b6 Rb2 65. h5
Rxb6 66. Kg2 Rb2+ 67. Kg1 Ke4 68. Ra8 f3 69. Re8+ Kf5 0-1

[Event "Jugend WM U20w"]
[Site "Istanbul"]
[Date "2005.11.10"]
[Round "2.11"]
[White "Melia, Salome"]
[Black "Paridar, Shadi"]
[Result "1-0"]
[WhiteElo "2318"]
[BlackElo "2237"]
[PlyCount "53"]
[EventDate "2005.11.??"]
[EventType "swiss"]
[EventRounds "13"]
[EventCountry "TUR"]
[Source "Reinhold Goldau"]
[SourceDate "2000.03.01"]

1. e4 c5 2. Nf3 Nc6 3. d4 cxd4 4. Nxd4 Qc7 5. Nc3 e6 6. Be3 a6 7. Qd2 b5 8.
O-O-O Nf6 9. Bf4 Qb7 10. e5 Nh5 11. Nxc6 Qxc6 12. Be3 b4 13. Nb1 g6 14. Rg1 Qc7
15. g4 Ng7 16. Qd4 Bb7 17. Nd2 Rc8 18. Bd3 Bd5 19. Kb1 a5 20. Ne4 Bxe4 21. Qxe4
Be7 22. Bb5 Rd8 23. Rxd7 Rxd7 24. Rd1 Bd8 25. Rxd7 Qxd7 26. Qb7 Qxb5 27. Qxb5+
1-0

[Event "Jugend WM U20w"]
[Site "Istanbul"]
[Date "2005.11.10"]
[Round "2.12"]
[White "Corke, Anya"]
[Black "Motoc, Alina"]
[Result "0-1"]
[WhiteElo "2222"]
[BlackElo "2313"]
[PlyCount "90"]
[EventDate "2005.11.??"]
[EventType "swiss"]
[EventRounds "13"]
[EventCountry "TUR"]
[Source "Reinhold Goldau"]
[SourceDate "2000.03.01"]

1. d4 Nf6 2. Bg5 Ne4 3. Bf4 c5 4. f3 Qa5+ 5. c3 Nf6 6. d5 Qb6 7. Bc1 e6 8. c4
exd5 9. cxd5 c4 10. e3 Bc5 11. Kf2 O-O 12. Bxc4 Re8 13. Qb3 Qd8 14. Ne2 d6 15.
Rd1 a6 16. a4 Nbd7 17. Rg1 Ne5 18. Nd4 Nxc4 19. Qxc4 b5 20. Qd3 Nxd5 21. axb5
Qb6 22. Nc3 Nb4 23. Qd2 Rb8 24. Na4 Qc7 25. Nxc5 dxc5 26. Nc2 Nxc2 27. Qxc2
axb5 28. Bd2 Be6 29. Rgc1 c4 30. Bc3 b4 31. Bd4 Rb5 32. Ra7 Qc6 33. Qa4 h6 34.
Ra6 Qd5 35. Rd1 Rd8 36. e4 Qb7 37. Ra7 Qb8 38. Ra5 Rxd4 39. Rxd4 Qb6 40. Ra8+
Kh7 41. Qa7 Qc6 42. Qa6 Rb6 43. Qa4 Qc5 44. Rad8 c3 45. Qc2 b3 0-1

[Event "Jugend WM U20w"]
[Site "Istanbul"]
[Date "2005.11.10"]
[Round "2.13"]
[White "Sharevich, Anna"]
[Black "Mamedjarova, Turkan"]
[Result "1-0"]
[WhiteElo "2305"]
[BlackElo "2223"]
[PlyCount "75"]
[EventDate "2005.11.??"]
[EventType "swiss"]
[EventRounds "13"]
[EventCountry "TUR"]
[Source "Reinhold Goldau"]
[SourceDate "2000.03.01"]

1. d4 d5 2. Nf3 Nf6 3. c4 e6 4. g3 b6 5. Bg2 Bb7 6. cxd5 exd5 7. Nc3 Be7 8.
Qa4+ c6 9. Qb3 O-O 10. O-O Nbd7 11. Bf4 Nh5 12. Rfd1 Nxf4 13. gxf4 Bd6 14. Ne5
Bxe5 15. fxe5 Qh4 16. Qc2 Rfe8 17. e4 Re6 18. Rd3 Rg6 19. Rg3 c5 20. Nxd5 Re8
21. Qd2 cxd4 22. Qxd4 Bxd5 23. Qxd5 Nc5 24. Rd1 Ne6 25. Qb7 Kh8 26. Rc1 Ng5 27.
Qxa7 Qf4 28. Rf1 Rge6 29. Qa3 Nxe4 30. Bxe4 Qxe4 31. f4 Qd4+ 32. Qe3 Qxe3+ 33.
Rxe3 f6 34. Rfe1 fxe5 35. fxe5 Kg8 36. b3 Kf7 37. a4 Rg6+ 38. Kh1 {.....} 1-0

[Event "Jugend WM U20w"]
[Site "Istanbul"]
[Date "2005.11.10"]
[Round "2.14"]
[White "Paehtz, Elisabeth"]
[Black "Brekke, Jorunn Marie"]
[Result "1-0"]
[WhiteElo "2408"]
[BlackElo "1972"]
[PlyCount "95"]
[EventDate "2005.11.??"]
[EventType "swiss"]
[EventRounds "13"]
[EventCountry "TUR"]
[Source "Reinhold Goldau"]
[SourceDate "2000.03.01"]

1. e4 e5 2. Nf3 Nc6 3. Bb5 a6 4. Ba4 Nf6 5. Qe2 d6 6. c3 b5 7. Bc2 Bg4 8. d3
Be7 9. h3 Bh5 10. Nbd2 Qd7 11. Nf1 d5 12. Ng3 Bxf3 13. Qxf3 d4 14. Nf5 g6 15.
Nxe7 Kxe7 16. O-O h6 17. Bb3 Rad8 18. Rd1 Qd6 19. a4 b4 20. cxb4 Nxb4 21. a5
Kf8 22. Bd2 Kg7 23. Rdc1 Rb8 24. Rc4 c5 25. Ba4 Rb7 26. Rac1 Na2 27. R1c2 Nb4
28. Bxb4 Rxb4 29. Rxb4 cxb4 30. Rc6 Qe7 31. Rxa6 Rc8 32. Bb3 Rc7 33. Bc4 Nd7
34. Ra8 Nc5 35. a6 Na4 36. Bb3 Nc5 37. Bd5 Ra7 38. Rxa7 Qxa7 39. Bc4 Nxa6 40.
Qg3 f6 41. Qg4 h5 42. Qc8 Nc5 43. Qg8+ Kh6 44. Qh8+ Kg5 45. h4+ Kxh4 46. Qxf6+
g5 47. g3+ Kh3 48. Qf5+ 1-0

[Event "Jugend WM U20w"]
[Site "Istanbul"]
[Date "2005.11.10"]
[Round "2.15"]
[White "Hoolt, Sarah"]
[Black "Pogonina, Natalija"]
[Result "0-1"]
[WhiteElo "2144"]
[BlackElo "2401"]
[PlyCount "60"]
[EventDate "2005.11.??"]
[EventType "swiss"]
[EventRounds "13"]
[EventCountry "TUR"]
[Source "Reinhold Goldau"]
[SourceDate "2000.03.01"]

1. e4 c5 2. Nf3 g6 3. d4 cxd4 4. Nxd4 Bg7 5. Be3 Nc6 6. Nc3 Nf6 7. Nxc6 dxc6 8.
Qxd8+ Kxd8 9. O-O-O+ Ke8 10. Bc4 Ng4 11. Bd4 e5 12. Bc5 b6 13. Bd6 Nxf2 14.
Bxf7+ Kxf7 15. Rhf1 Ba6 16. Rxf2+ Ke6 17. Bc7 Rac8 18. Rd6+ Ke7 19. Rxc6 Kd7
20. Bxe5 Bxe5 21. Rxc8 Kxc8 22. Nd5 Bxh2 23. Rf7 Bb7 24. c4 g5 25. Kc2 g4 26.
Kd3 Be5 27. b4 h5 28. a4 h4 29. a5 Bxd5 30. exd5 h3 0-1

[Event "Jugend WM U20w"]
[Site "Istanbul"]
[Date "2005.11.10"]
[Round "2.17"]
[White "Umudova, Nargiz"]
[Black "Zawadzka, Jolanta"]
[Result "0-1"]
[WhiteElo "2101"]
[BlackElo "2381"]
[PlyCount "90"]
[EventDate "2005.11.??"]
[EventType "swiss"]
[EventRounds "13"]
[EventCountry "TUR"]
[Source "Reinhold Goldau"]
[SourceDate "2000.03.01"]

1. e4 c5 2. Nf3 d6 3. d4 cxd4 4. Nxd4 Nf6 5. Nc3 a6 6. Be2 e5 7. Nb3 Be7 8. O-O
O-O 9. a4 Nc6 10. Be3 Be6 11. f4 exf4 12. Bxf4 Rc8 13. Kh1 Ne5 14. Nd4 Re8 15.
Nf5 Bxf5 16. exf5 Qb6 17. Rb1 Nc4 18. Bxc4 Rxc4 19. Qd3 Qc5 20. Rbd1 Rb4 21. b3
Bf8 22. h3 Rxf4 23. Rxf4 Re3 24. Qc4 Rxc3 25. Qxc5 Rxc5 26. c4 Nh5 27. Rg4 Rxf5
28. Re1 g6 29. Rd4 Ng7 30. b4 Ne6 31. Rd2 Rf4 32. Rc1 Re4 33. Rd3 Bh6 34. Rc2
Bf4 35. Rd1 Nd4 36. Rb2 Nf5 37. c5 Be5 38. Rb3 Nd4 39. Rbd3 dxc5 40. bxc5 Ne6
41. Rc1 Bf4 42. Rf1 Rxa4 43. Rb3 Nxc5 44. Rbf3 Ne4 45. Rxf4 Ng3+ 0-1

[Event "Jugend WM U20w"]
[Site "Istanbul"]
[Date "2005.11.10"]
[Round "2.19"]
[White "Gregorova, Zuzana"]
[Black "Purtseladze, Maka"]
[Result "1/2-1/2"]
[WhiteElo "2183"]
[BlackElo "2338"]
[PlyCount "127"]
[EventDate "2005.11.??"]
[EventType "swiss"]
[EventRounds "13"]
[EventCountry "TUR"]
[Source "Reinhold Goldau"]
[SourceDate "2000.03.01"]

1. e4 c6 2. d4 d5 3. Nc3 dxe4 4. Nxe4 Bf5 5. Nc5 b6 6. Nb3 e6 7. Bd3 Bxd3 8.
Qxd3 Bd6 9. Nf3 Nf6 10. O-O Nbd7 11. Re1 O-O 12. c3 Qc7 13. Nbd2 c5 14. Nc4 Be7
15. g3 Rfd8 16. Bf4 Qb7 17. Qe2 cxd4 18. Nxd4 Nf8 19. Rad1 Ng6 20. Bg5 h6 21.
Bc1 a6 22. Qf3 Qxf3 23. Nxf3 b5 24. Nce5 Nxe5 25. Nxe5 Bc5 26. Kg2 Nd5 27. Nd3
Be7 28. Kf3 g5 29. Ne5 Bf6 30. Ng4 Bg7 31. Ne3 Nb6 32. Rxd8+ Rxd8 33. Rd1 Rxd1
34. Nxd1 f5 35. h3 Kf7 36. Ke3 e5 37. f3 Ke6 38. Kd3 Nd7 39. b3 e4+ 40. Ke3
exf3 41. Kxf3 Nc5 42. Bb2 Be5 43. Nf2 h5 44. Ba3 g4+ 45. hxg4 hxg4+ 46. Kg2 Nd7
47. c4 bxc4 48. bxc4 Nb6 49. c5 Nc4 50. Bc1 Kd5 51. Nd3 a5 52. Bh6 Kd4 53. Nxe5
Kxe5 54. Bf8 Kd5 55. Kf2 a4 56. Ke2 Ne5 57. Ke3 Nd7 58. Be7 Nxc5 59. Kf4 Ne4
60. Kxf5 Nxg3+ 61. Kxg4 Ne4 62. Kf3 Nc3 63. a3 Kc4 64. Bb4 1/2-1/2

[Event "Jugend WM U20w"]
[Site "Istanbul"]
[Date "2005.11.10"]
[Round "2.20"]
[White "Zhang, Jilin"]
[Black "Bulmaga, Irina"]
[Result "1-0"]
[WhiteElo "2334"]
[BlackElo "2122"]
[PlyCount "85"]
[EventDate "2005.11.??"]
[EventType "swiss"]
[EventRounds "13"]
[EventCountry "TUR"]
[Source "Reinhold Goldau"]
[SourceDate "2000.03.01"]

1. e4 c5 2. Nf3 e6 3. d4 cxd4 4. Nxd4 a6 5. Bd3 Nf6 6. O-O Qc7 7. c4 d6 8. Nc3
Be7 9. Be3 O-O 10. f4 b6 11. Qf3 Bb7 12. Qh3 Nbd7 13. Rae1 Rfe8 14. Bf2 e5 15.
Nf5 Bf8 16. Bh4 Rac8 17. Rf3 g6 18. fxe5 dxe5 19. Ne3 Bg7 20. Ref1 Qd6 21. Bb1
Rf8 22. Bg5 Rce8 23. Kh1 Re6 24. Qh4 Nh5 25. Ned5 f6 26. Be3 Bxd5 27. Nxd5 Ree8
28. Rh3 h6 29. Bc2 Qc6 30. Bd1 Nf4 31. Rhf3 g5 32. Qg4 Kh8 33. b4 h5 34. Qf5
Qe6 35. Qxe6 Rxe6 36. g3 Ng6 37. R3f2 g4 38. Rf5 Kg8 39. Rxh5 Rc6 40. Bxg4 Rf7
41. b5 axb5 42. cxb5 Rc2 43. Be6 1-0

[Event "Jugend WM U20w"]
[Site "Istanbul"]
[Date "2005.11.10"]
[Round "2.21"]
[White "Ortiz, Nadya Karolina"]
[Black "Gevorgyan, Irina"]
[Result "1-0"]
[WhiteElo "2218"]
[BlackElo "2099"]
[PlyCount "113"]
[EventDate "2005.11.??"]
[EventType "swiss"]
[EventRounds "13"]
[EventCountry "TUR"]
[Source "Reinhold Goldau"]
[SourceDate "2000.03.01"]

1. e4 c5 2. c3 d5 3. exd5 Qxd5 4. d4 Nf6 5. Nf3 Bg4 6. Be2 e6 7. h3 Bh5 8. O-O
Nc6 9. Be3 cxd4 10. cxd4 Be7 11. Nc3 Qd6 12. a3 O-O 13. Qb3 a6 14. Rfd1 Rfd8
15. Rac1 Na5 16. Qa2 Rac8 17. d5 b5 18. dxe6 Qxe6 19. Rxd8+ Bxd8 20. Qxe6 fxe6
21. g4 Be8 22. Rd1 Be7 23. g5 Nd7 24. Ne4 Rc2 25. Nd4 Rc8 26. Nxe6 Ne5 27. Bd4
Nac6 28. Bc5 Bf7 29. Nf4 Bb3 30. Rd2 Rf8 31. Nd5 Bxc5 32. Nxc5 Bc4 33. Kg2 a5
34. f4 Bxd5+ 35. Rxd5 Ng6 36. Ne6 Re8 37. Bg4 b4 38. a4 Nge7 39. Rd7 g6 40. Bf3
Rc8 41. Bxc6 Nxc6 42. Kf3 b3 43. Rc7 Nd4+ 44. Ke4 Rxc7 45. Nxc7 Ne2 46. Nb5 Kg7
47. Ke3 Nc1 48. Nd4 h6 49. h4 hxg5 50. hxg5 Kf7 51. Kd2 Na2 52. Nxb3 Nb4 53.
Nxa5 Nd5 54. Nc6 Ke6 55. Nd4+ Kd6 56. Ke2 Kc5 57. Kd3 1-0

[Event "Jugend WM U20w"]
[Site "Istanbul"]
[Date "2005.11.10"]
[Round "2.22"]
[White "Ursic, Simona"]
[Black "Raeva, Elitsa"]
[Result "1-0"]
[WhiteElo "2040"]
[BlackElo "2213"]
[PlyCount "89"]
[EventDate "2005.11.??"]
[EventType "swiss"]
[EventRounds "13"]
[EventCountry "TUR"]
[Source "Reinhold Goldau"]
[SourceDate "2000.03.01"]

1. e4 c5 2. c3 e6 3. d4 cxd4 4. cxd4 d6 5. Nf3 Nf6 6. Nc3 Be7 7. Bd3 Nc6 8. O-O
O-O 9. a3 e5 10. d5 Nb8 11. h3 Nbd7 12. b4 Re8 13. Be3 Nf8 14. Qd2 Ng6 15. Rfc1
Bd7 16. Ne2 Nh5 17. Rc3 Bf6 18. Rac1 Ngf4 19. Rc7 g5 20. Rxb7 g4 21. hxg4 Bxg4
22. Nh2 Bc8 23. Rxa7 Rxa7 24. Bxa7 Kh8 25. Nxf4 Nxf4 26. Bf1 Rg8 27. g3 Bh3 28.
Bxh3 Nxh3+ 29. Kf1 Ng5 30. Qe3 Qd7 31. Ke1 Qh3 32. Nf3 Qg2 33. Ke2 Nh3 34. Qh6
Bg7 35. Qxd6 Ra8 36. Qc6 Rf8 37. d6 Bh6 38. Rd1 Ng5 39. Nxg5 Bxg5 40. d7 Qh3
41. Qd6 Qh5+ 42. f3 Rd8 43. Qxe5+ Kg8 44. g4 Qh6 45. Rd6 1-0

[Event "Jugend WM U20w"]
[Site "Istanbul"]
[Date "2005.11.10"]
[Round "2.23"]
[White "Bensdorp, Marlies"]
[Black "Chaumont, Adeline"]
[Result "1-0"]
[WhiteElo "2199"]
[BlackElo "2035"]
[PlyCount "103"]
[EventDate "2005.11.??"]
[EventType "swiss"]
[EventRounds "13"]
[EventCountry "TUR"]
[Source "Reinhold Goldau"]
[SourceDate "2000.03.01"]

1. d4 d5 2. c4 c6 3. Nf3 Nf6 4. e3 Bg4 5. Nc3 e6 6. h3 Bh5 7. g4 Bg6 8. Ne5
Nbd7 9. Nxg6 hxg6 10. Bg2 dxc4 11. Qe2 Nb6 12. Bd2 Be7 13. Rc1 Nfd5 14. a3 O-O
15. O-O Nxc3 16. Bxc3 Qd7 17. Rfd1 f5 18. Ba5 Nd5 19. Rxc4 Rf7 20. Rc2 Raf8 21.
Qd3 Bh4 22. Be1 Qd8 23. b4 a6 24. Rb2 Kh7 25. a4 fxg4 26. hxg4 Qg5 27. f4 Qxg4
28. Bxh4 Nxe3 29. Re1 Nd5 30. Bg5 Nxf4 31. Bxf4 Rxf4 32. Rd2 Rd8 33. Re4 Rxe4
34. Qxe4 Qg5 35. Rd3 Rd6 36. Kh2 Kg8 37. Rg3 Qf5 38. Rg4 Qxe4 39. Rxe4 Kf7 40.
Kg3 Kf6 41. Kf4 Rd5 42. Bh3 g5+ 43. Ke3 Rd6 44. Bg4 b6 45. Be2 a5 46. bxa5 bxa5
47. Bg4 c5 48. dxc5 Rc6 49. Kd4 g6 50. Kc4 e5 51. Kd5 Rc7 52. Kd6 1-0

[Event "Jugend WM U20w"]
[Site "Istanbul"]
[Date "2005.11.10"]
[Round "2.24"]
[White "Zhang, Xiaowen"]
[Black "Dudas, Eszter"]
[Result "1/2-1/2"]
[WhiteElo "2153"]
[BlackElo "2010"]
[PlyCount "63"]
[EventDate "2005.11.??"]
[EventType "swiss"]
[EventRounds "13"]
[EventCountry "TUR"]
[Source "Reinhold Goldau"]
[SourceDate "2000.03.01"]

1. e4 e6 2. d4 d5 3. Nd2 Nf6 4. e5 Nfd7 5. Bd3 c5 6. c3 Nc6 7. Ne2 cxd4 8. cxd4
f6 9. exf6 Qxf6 10. Nf3 h6 11. O-O Bd6 12. Ng3 O-O 13. Be3 e5 14. Qb3 Qf7 15.
Nf5 Qe6 16. Nxd6 Qxd6 17. dxe5 Ndxe5 18. Nxe5 Nxe5 19. h3 Nxd3 20. Qxd3 Bf5 21.
Qd4 Kh7 22. Kh1 a6 23. Rad1 Rad8 24. Bd2 Rfe8 25. Bc3 Qg6 26. Rfe1 b5 27. Ba5
Rc8 28. Rxe8 Rxe8 29. Re1 Rxe1+ 30. Bxe1 Bb1 31. a3 Qe4 32. Bc3 1/2-1/2

[Event "Jugend WM U20w"]
[Site "Istanbul"]
[Date "2005.11.10"]
[Round "2.25"]
[White "Tilenbaeva, Janyl"]
[Black "Gilbert, Jessie"]
[Result "1-0"]
[WhiteElo "2019"]
[BlackElo "2148"]
[PlyCount "47"]
[EventDate "2005.11.??"]
[EventType "swiss"]
[EventRounds "13"]
[EventCountry "TUR"]
[Source "Reinhold Goldau"]
[SourceDate "2000.03.01"]

1. e4 d6 2. d4 Nf6 3. Nc3 g6 4. Bc4 Bg7 5. Nf3 O-O 6. O-O Nc6 7. h3 e5 8. dxe5
Nxe5 9. Nxe5 dxe5 10. Bg5 Qxd1 11. Raxd1 h6 12. Be3 c6 13. a4 Nh5 14. Rd6 Kh7
15. Rfd1 Nf4 16. Bc5 b6 17. Ba3 c5 18. a5 Rb8 19. axb6 axb6 20. Bb5 f5 21. Na4
fxe4 22. Rxb6 Bxh3 23. Bxc5 Rfc8 24. gxh3 1-0

[Event "Jugend WM U20w"]
[Site "Istanbul"]
[Date "2005.11.10"]
[Round "2.26"]
[White "Levacic, Melissa"]
[Black "Djukic, Sandra"]
[Result "1/2-1/2"]
[WhiteElo "1993"]
[BlackElo "2140"]
[PlyCount "34"]
[EventDate "2005.11.??"]
[EventType "swiss"]
[EventRounds "13"]
[EventCountry "TUR"]
[Source "Reinhold Goldau"]
[SourceDate "2000.03.01"]

1. e4 c5 2. Nc3 e6 3. f4 a6 4. Nf3 Nc6 5. Be2 Qc7 6. d3 d6 7. O-O b5 8. Qe1 g6
9. Bd1 b4 10. Ne2 Bg7 11. Qh4 Nge7 12. Rb1 a5 13. b3 Qb6 14. Kh1 Nd4 15. Nfxd4
cxd4 16. f5 gxf5 17. Bh6 Ng6 1/2-1/2